[Event "89_| Campeonato Brasileiro 2023"]
[Site "Recife"]
[Date "2023.12.17"]
[Round "6.4"]
[White "Quintiliano Pinto, Renato Rodrigues"]
[Black "De Siqueira, Luigy Lira"]
[Result "1-0"]
[WhiteElo "2489"]
[BlackElo "2202"]
[Annotator "MI Luis Rodi - Stockfish 16 (CB)"]
[PlyCount "85"]
[EventDate "2023.??.??"]
[EventCountry "BRA"]
[WhiteClock "0:11:21"]
[BlackClock "0:05:28"]

{[%evp 11,85,24,21,18,17,22,23,26,24,17,62,63,59,55,69,65,71,59,63,68,71,58,66,
71,61,28,49,42,78,63,117,109,116,114,100,78,179,173,257,259,228,217,273,248,
430,220,419,421,419,136,417,424,421,417,411,405,532,413,400,396,366,257,448,
451,441,444,435,232,452,451,391,307,473,450,29992,29993] O empate
relativamente rápido entre os grandes mestres Luis Supi e Alexandr Fier deu
aos que perseguiam ao segundo deles na liderança a chance de alcançá-lo. O
jogo entre os dois primeiros pré-classificados adotou um roteiro pouco usual:
1.e4 c5 2.Cf3 Cc6 3.h3!? O atual campeão nacional compreendeu que teria que
enfrentar um esquema anti-siciliano onde o lance h3 seja parte e se decidiu
por uma formação com fiancheto na ala de rei e saída de cavalo por e7.
Quando a abertura tinha finalizado, entregando um equilíbrio cômodo ao
segundo jogador, Supi ofereceu a divisão do ponto. O resultado da mesa 1
abriu a possibilidade de até três participantes se juntarem ao líder ao
finalizar esta rodada, o equador da prova. Porém passadas duas horas de
começada a rodada as mesas 2 e 3 registraram empates, os do grande mestre
Krikor Mekhitarian com o mestre internacional Roberto Molina, após um Gambito
de Dama variante das trocas onde ambos os mestres fizeram o grande roque, e o
do mestre internacional Nathan Filgueiras ante o grande mestre Andre Diamant
em uma movimentada Siciliana Sveshnikov. Quem sim tomou a chance de alcançar
a liderança com as duas mãos foi o grande mestre Renato Quintiliano, que
levando as brancas ante o candidato a mestre Luigy Lira de Siqueira -que vinha
de dar uma das grandes surpresas da prova na rodada prévia- impus sua
técnica desde uma das linhas de moda na Catalã aberta. É o nosso jogo do
dia. O mestre de Osasco agora compartilha o primeiro lugar com seu colega Fier.
Importantes vitórias do mestre internacional Diego di Berardino e do grande
mestre Yago Santiago, que se recuperam assim das derrotas sofridas nas rodadas
prévias. A de este dia foi a última jornada com rodada dupla. Na sétima
rodada, este domingo 17, terá nas primeiras mesas os enfrentamentos seguintes:
Mesa 1- Fier - Quintiliano em choque de líderes; mesa 2 - Molina - Supi; mesa
3 - Do Valle - Mekhitarian; mesa 4 - Diamant - Labussiere; mesa 5 - Aranha -
Di Berardino; mesa 6 - Santiago - Filgueiras.} 1. d4 d5 2. c4 e6 3. Nf3 Nf6 4.
g3 dxc4 5. Bg2 a6 6. O-O Nc6 {Este é um dos mais populares esque- mas pretos
na Catalá aberta, ao ter sido a recomendação de alguns livros de
repertório -por exemplo, no Playing 1.d4 d5 de Nikolaos Ntirlis-, mas o
seguinte lance -onde 7.e3 e 7.Cc3 são as continuações mais usuais, não
aparecem na obra mencionada e pode ter sido uma grande surpresa para o
condutor das pretas [#]} 7. Qd2 $5 {[#] E04: Open Catalan: 5 Nf3. Na minha
base há umas sessenta partidas com esta ideia, cujo objetivo principal é
possibilitar o lance Ce5, embora em algumas linhas a passagem de dama a g5
possa ser considerada} Rb8 {O lance mais usual, afastando a torre da diagonal
maior clara. No nível magis- tral as pretas também utilizaram a opção:} (
7... Bb4 {onde} 8. Qc2 b5 9. Ne5 Nxe5 10. dxe5 Nd5 11. Rd1 Bd7 12. Nc3 Bxc3 13.
bxc3 Qe7 {é aproximadamente igual a partida entre Yuffa - Areshchenko, Terme
Catez 2022}) 8. Ne5 $1 Nxe5 (8... Nxd4 $2 9. e3 $18) 9. dxe5 {White has an
edge.} Qxd2 10. Nxd2 {[#]} Nd7 $6 {Apesar de ser o lance mais usual, a
retirada de cavalo é uma imprecisão que deixa as brancas com a melhor estru-
tura. No seu lugar a menos empregada} (10... c3 $11 {é a opção crítica.
Depois de} 11. bxc3 (11. exf6 cxd2 12. fxg7 Bxg7 $11) 11... Nd5 {espera
experiências práticas} (11... Nd7 12. Nc4 b6 13. Rb1 Bb7 14. Bxb7 Rxb7 15.
Na5 Rb8 16. Nc6 Rc8 17. Be3 {Sumets - Pillard, Cappelle, 2023} f6 18. exf6 gxf6
{as brancas mantêm alguma iniciativa. Porém a posição preta parece
razoável.})) 11. Nxc4 $14 {A vantagem branca é pequena, mas evidente. Esse
lado possui vantagem de espaço no centro, peças mais ativas com especial
acento no bispo catalã e boas colunas para as torres. Na prática elas obtêm
quase o 80% dos pontos nesta posição -e não por acaso.} b6 ({Com este lance
as pretas custodiam a casa a5, que em alguns casos pode ser destino para o
cavalo branco, e plane- jam a troca dos bispos de casas brancas. A alternativa
} 11... b5 {é de valor inferior. As pretas perderam todas as par tidas onde
utilizaram esta ideia} 12. Na5 Nxe5 13. Be3 (13. Bf4 {como em Lysyj - Pogosyan,
Cheliabinsk 2021 é também forte}) 13... Bd7 14. Rac1 $14 {Don- chenko -
Martinez Ramirez, internet blitz 2021}) 12. Be3 Bb7 {Aqui também as pretas
logram a troca do forte bispo das brancas, porém isso leva alguns tempos que
podem ser utilizados pelas brancas para tomar posições no centro.} 13. Bxb7
Rxb7 14. Rfd1 ({Com este lance Renato se afasta do antecedente} 14. Rac1 {
do jogo Lysyj - Mokhsanov, Russia 2021. Ambos os movimentos são de valor
equivalentes.}) 14... Bc5 15. Bxc5 Nxc5 {[#]} 16. b4 $1 {Ganha mais espaço ao
tempo que desaloja a única peça ativa das pretas. As brancas parecem ter
somente uma mínima vantagem, porém a verdade é que este tipo de posições
é desagra- dável para o segundo jogador, que deve defender em uma posição
passiva, onde só dois resultados são possíveis. Na fase que segue, ademais,
Quintiliano vai progredindo utilizando uma excelente técnica.} Nd7 $1 ({
A volta a d7 é a melhor ideia para as pretas. Aqui} 16... Ne4 $2 17. Rac1 $18)
(16... Na4 17. Rd3 $16) 17. Rac1 $146 {And now Nd6+! would win.} ({Predecessor:
} 17. Rd3 Ke7 18. Rad1 Rd8 19. f4 Rbb8 20. Rc1 c5 21. bxc5 Nxc5 22. Rxd8 Kxd8
23. Nxb6 Rxb6 24. Rxc5 {1/2-1/2 (45) Oganian,M (2437)-Mokshanov,A (2379) Sochi
2022}) 17... Ke7 18. Rd2 Rd8 19. f4 $36 {[%mdl 2048] Correto. Em algum momento
as brancas tinham que defender o peão em e5 com este lance, de forma de
liberar o cavalo dessa tarefa e poder pressionar o peão em c7} Rbb8 20. Rdc2 {
A forma correta de dobrar as torres, apontando contra o peão em c7. A
pressão branca é agora incômoda, e as pretas devem tomar uma difícil
decisão [#]} f6 ({Depois deste lance as pretas perdem o peão sem muita
compensação. No seu lugar parece necessária} 20... c5 $14 21. bxc5 Nxc5 {
As brancas podem obter aqui vantagem material com} 22. Nxb6 (22. Kf2 $14 {
é mais crítica; imagino que o condutor das brancas teria continuado deste
jeito}) 22... Rxb6 23. Rxc5 Rb2 24. R1c2 {porém a compensação preta depois
de} Rd4 {oferece chances razoáveis de empate.}) 21. exf6+ $16 gxf6 22. Nb2 c5
23. Nd3 $1 {As brancas vão a tomar o peão nas melhores condições. O final
resultante é claramente melhor para sua causa [#]} Rb7 $6 (23... Rbc8 $16 {
parece ser a defesa mais lógica, onde} 24. bxc5 Nxc5 25. Nxc5 bxc5 26. Rxc5
Rd1+ 27. Rxd1 Rxc5 28. Rb1 $16 {é melhor para as brancas, porém ainda se
precisa um bom trabalho de concretização.}) (23... cxb4 $2 24. Nxb4 $18) 24.
bxc5 $18 Nxc5 (24... bxc5 $142 25. Nxc5 Nxc5) 25. Nxc5 bxc5 {[%mdl 4096]
Endgame [#] KRR-KRR} 26. Kf2 $1 {O peão em c5 não vai a parte alguma, e
enquanto isso o rei pode adicionar defesa e se centralizar.} (26. Rxc5 $6 Rd2
$16) 26... Rb4 27. Rxc5 $18 {No presente final as pretas não logram criar
atividade suficiente para um contrajogo que ponha em dúvida a vantagem branca.
Resta somente a parte técnica.} Ra4 $2 (27... f5 28. Rc7+ Rd7) (27... Rb2 28.
Rh5 $18) 28. R1c2 (28. Rh5 $142 Rh8 29. Rh6) 28... Kf7 $2 (28... Rd7 29. R5c4
Ra3) 29. Rc7+ Kg6 30. R7c6 $2 {Pode ser uma imprecisão.} (30. Re7 $18 {
de imediato teria negado o recurso mencionado na seguinte nota.}) 30... Kf7 $2
{[%mdl 8192]} ({Este lance permite a Renato voltar sobre seus passos e
corrigir o passado. No seu lugar,} 30... Re8 $16 {! podia ser uma defesa
melhor aqui.} 31. R6c4 (31. R6c3 $5 {com ideia de levar esta torre a e3,
seguir com a3 e avançar a outra torre parece um bom plano de cara a
obtenção do ponto.}) 31... Ra3) 31. Rc7+ Kg6 32. Re7 Rd6 33. Rcc7 {Agora
não há defesa para as pretas. Assim como a sabedura do futebol a- nuncia que
dois lances de cabeça na área pequena é igual a um gol, duas torres em
sétima contra rei exposto são ponto. O que segue é desesperado, e as
brancas podem ganhar de várias formas. [#]} e5 34. fxe5 fxe5 35. Rxe5 Rxa2 36.
g4 Kf6 $2 (36... h5 {was necessary.} 37. gxh5+ (37. Rxh5 Re6 $16) 37... Kh6)
37. Rh5 Rdd2 {[#]} 38. Rc6+ $1 Kg7 39. Re5 (39. Rg5+ $142 Kf7 40. Rf5+ Ke7 41.
Re5+ Kd8 42. h4) 39... Kf7 $2 (39... h5 40. gxh5 Rd7 41. Rg6+ Kh7) 40. Rc7+ Kf6
41. Re4 h6 (41... h5 {might work better.} 42. gxh5 Rdc2) 42. Rc6+ Kg5 (42...
Kg7 $18 43. Ree6 Kf7 44. Rf6+ Kg8 45. Rg6+ (45. Rxh6 Rxe2+ 46. Kf3 Rf2+ 47. Ke3
Rae2+ 48. Kd4 Rd2+ 49. Kc5 Rxh2 $11) 45... Kf8 46. Rcf6+ (46. Rxh6 Rxe2+ 47.
Kg3 Rg2+ 48. Kf4 Ra4+ 49. Kf5 Rgxg4 $11) 46... Ke8 47. Re6+ (47. Rxa6 Rxe2+ 48.
Kf1 Rf2+ 49. Kg1 Rg2+ 50. Kf1 Rgf2+ 51. Kg1 Rg2+ 52. Kf1 Rgf2+ $11) 47... Kf7
48. Rxh6 a5) 43. Kg3 {Fechando o final com rede de mate. As pretas se rendem,
premiando o bom tra- balho técnico do GM de Osasco. 1-0 Precisão: Brancas
76%, Pretas 36%.} 1-0

[Event "89_| Campeonato Brasileiro 2023"]
[Site "Recife"]
[Date "2023.12.17"]
[Round "6.5"]
[White "Di Berardino, Diego Rafael"]
[Black "Gauche, Charles"]
[Result "1-0"]
[WhiteElo "2477"]
[BlackElo "2142"]
[PlyCount "101"]
[EventDate "2023.??.??"]
[EventCountry "BRA"]
[TimeControl "90+30"]
[WhiteClock "0:01:33"]
[BlackClock "0:01:23"]

{[%evp 19,101,47,48,48,60,28,30,0,9,-31,6,0,62,69,67,50,61,24,43,8,60,64,67,68,
69,20,13,0,0,-9,39,-49,0,-66,35,-12,-40,-53,-55,-53,-64,-108,8,-54,188,0,51,0,
0,-174,-175,-239,-60,-203,0,-222,-200,-403,107,67,69,5,18,0,0,-12,18,10,12,15,
10,13,4051,3390,3390,3386,3200,2421,29994,29995,29995,29991,29996,29997]} 1. d4
{[%emt 0:00:00]} d5 {[%emt 0:00:00]} 2. c4 {[%emt 0:00:00]} c6 {[%emt 0:00:00]}
3. Nf3 {[%emt 0:00:00]} Nf6 {[%emt 0:00:00]} 4. Nc3 {[%emt 0:00:00]} a6 {
[%emt 0:00:00]} 5. cxd5 {[%emt 0:00:00]} cxd5 {[%emt 0:00:00]} 6. Bf4 {[%emt 0:
00:00]} e6 {[%emt 0:00:00]} 7. e3 {[%emt 0:00:00]} Nc6 {[%emt 0:00:00]} 8. Bd3
{[%emt 0:00:00]} Be7 {[%emt 0:00:00]} 9. h3 {[%emt 0:00:00]} O-O {[%emt 0:00:
00]} 10. O-O {[%emt 0:00:00]} b5 {[%emt 0:00:00]} 11. Qe2 {[%emt 0:07:00] D13:
Slav Defence: Exchange variation without ...Bf5.} Bb7 {[%emt 0:07:00]} 12. Rad1
$146 {[%emt 0:00:30]} ({Predecessor:} 12. Rfc1 Rc8 13. a3 Na5 14. Qd1 Nc4 15.
Bxc4 dxc4 16. Ne5 Nd5 17. Nxd5 Qxd5 18. Qf3 f6 19. Qxd5 Bxd5 {0-1 (88) Akhayan,
R (2259)-Eden,J (2294) Chess.com INT 2021}) 12... Rc8 {[%emt 0:00:30]} 13. Bg3
{[%emt 0:00:30] White has an edge.} Na5 {[%emt 0:00:30]} 14. Ne5 {[%emt 0:00:
00]} Nc4 {[%emt 0:00:00]} 15. a4 {[%emt 0:00:00]} Qb6 {[%eval 62,29] [%emt 0:
00:00]} (15... b4 $11 {[%eval 0,33]} 16. Nb1 Qe8) 16. axb5 $14 {[%emt 0:00:00]}
axb5 {[%emt 0:00:00]} 17. Bh4 {[%emt 0:00:00] Bxf6 is the strong threat.} Rc7 {
[%emt 0:00:00]} 18. f4 {[%emt 0:00:00]} (18. Bxf6 Bxf6 19. f4 (19. Qh5 g6 $17)
19... g6 $11) 18... g6 {[%emt 0:00:00]} 19. g4 {[%emt 0:00:00]} Ne8 {[%eval 60,
24] [%emt 0:00:00]} (19... Bc6 $11 {[%eval 8,29]}) 20. Bxe7 {[%emt 0:00:00]}
Rxe7 {[%emt 0:00:00]} 21. g5 {[%emt 0:00:00]} (21. Bxc4 $6 dxc4 22. g5 Nd6 $11)
21... Ng7 {[%emt 0:00:00]} 22. Kh2 {[%eval 20,28] [%emt 0:00:00]} (22. Ng4 $14
{[%eval 69,30]}) 22... Nf5 $11 {[%emt 0:00:00]} 23. Ng4 {[%emt 0:00:00] aiming
for Bxf5.} Kg7 {[%emt 0:00:00]} 24. Qf2 {[%emt 0:00:00]} Bc6 {[%eval 39,28] 
[%emt 0:00:00]} (24... Rh8 $11 {[%eval -9,31] deserves consideration.}) 25. h4
{[%eval -49,25] [%emt 0:00:00]} (25. Nf6 $14 {[%eval 39,28]} Ncxe3 {[%mdl 64]
Double Attack} 26. Bxf5 Nxf5 27. Ne2) 25... Rh8 {[%eval 0,30] [%emt 0:00:00]} (
25... b4 $15 {[%eval -49,25] might be stronger.} 26. Nb1 Ra7) 26. Rde1 {
[%eval -66,28] [%emt 0:03:18]} ({Better is} 26. b3 $11 {[%eval 0,30]} Ncd6 27.
b4) 26... Ncd6 {[%eval 35,34] [%emt 0:00:00]} (26... h6 $15 {[%eval -66,28]}
27. Kg2 hxg5 28. hxg5 b4) 27. Rh1 {[%eval -12,31] [%emt 0:01:35]} (27. h5 $14 {
[%eval 35,34]}) 27... b4 {[%emt 0:00:00]} 28. Nb1 {[%emt 0:00:40]} Bb5 {
[%emt 0:00:40]} 29. Bxf5 $1 {[%emt 0:00:30]} Nxf5 {[%emt 0:01:24]} 30. h5 {
[%eval -108,28] [%emt 0:00:12]} (30. Nd2 $15 {[%eval -64,30]}) 30... Rc8 {
[%eval 8,34] [%emt 0:04:40]} (30... gxh5 $17 {[%eval -108,28]} 31. Nf6 h4) 31.
Kg1 {[%eval -54,26] [%emt 0:00:30]} (31. h6+ $11 {[%eval 8,34]} Kh8 32. Rc1)
31... Rcc7 $2 {[%eval 188,24] [%emt 0:00:30] [#]} (31... Rec7 $1 $15 {[%eval
-54,26] keeps the upper hand.}) 32. Qh2 $2 {[%eval 0,34] [%emt 0:00:30]} ({
Stronger than} 32. hxg6 fxg6 33. Rh2 (33. Qh2 Kh8 $11) 33... Qa5 $11) ({
White has to play} 32. Nf6 $1 $18 {[%eval 188,24]} Re8 33. hxg6 (33. Nxe8+ Bxe8
34. hxg6 fxg6 $16)) 32... Kh8 {[%eval 51,31] [%emt 0:00:30]} (32... Kf8 $11 {
[%eval 0,34]}) 33. Ne5 {[%eval 0,33] [%emt 0:00:30]} (33. Nd2 $1 $14 {[%eval
51,31]}) 33... Be8 {[%emt 0:00:30]} 34. Nd2 $2 {[%eval -174,28] [%emt 0:00:30]}
(34. Ng4 $11 {[%eval 0,33]}) 34... Rc2 $19 {[%emt 0:00:30]} 35. Ra1 {[%eval
-239,28] [%emt 0:00:30]} (35. hxg6 {[%eval -175,30] is a better defense.} fxg6
36. Qf2) 35... Qb7 $2 {[%eval -60,28] [%emt 0:00:30]} (35... Ra7 $19 {[%eval
-239,28]} 36. Rb1 Nxe3 37. hxg6 fxg6) 36. Nd3 {[%eval -203,26] [%emt 0:00:30] 
[#]} (36. Ng4 $1 $15 {[%eval -60,28]}) 36... Nd6 $2 {[%eval 0,37] [%emt 0:00:
30]} ({Don't play} 36... Nxe3 37. Qh3) (36... Qb5 $1 $19 {[%eval -203,26][%cal
Rb5d3]} 37. Nc5 (37. hxg6 $2 fxg6 38. Ne5 b3 $19) 37... Nxe3 38. hxg6 fxg6) 37.
Qf2 $2 {[%eval -222,28] [%emt 0:01:33]} (37. f5 $11 {[%eval 0,37] and White
stays safe.} Nxf5 38. hxg6 fxg6 39. Qe5+ Kg8 40. Nb3) 37... Nc4 {[%emt 0:00:58]
} 38. Qe1 $2 {[%eval -403,25] [%emt 0:00:26]} (38. Rd1 {[%eval -200,30]}) 38...
Rc7 $2 {[%eval 107,27] [%emt 0:00:31]} (38... Rxd2 $19 {[%eval -403,25]} 39.
Nc5 Qc8 40. hxg6 fxg6) 39. Nb3 {[%emt 0:00:30]} Nxb2 {[%emt 0:00:30]} 40. Ndc5
{[%eval 5,32] [%emt 0:00:37]} ({White should try} 40. Qxb4 $14 {[%eval 69,32]}
Qxb4 41. Nxb4) 40... Qc8 $11 {[%emt 0:00:29]} 41. Qxb4 {[%emt 0:00:30]
Threatens to win with Na6.} e5 {[%emt 0:00:30] ( -> ...Qg4+)} 42. Ne6 {[%emt 0:
00:30][%cal Rb4f8]} Bc6 {[%emt 0:00:30]} 43. Qd6 {[%emt 0:00:30]} fxe6 {
[%emt 0:00:30]} 44. Qxe5+ {[%emt 0:00:57]} Kg8 {[%emt 0:00:00] And now ...Nc4
would win.} 45. hxg6 $1 $40 {[%emt 0:00:03][%mdl 128] White mounts an attack.}
Be8 $2 {[%eval 4051,33] [%emt 0:00:18][%mdl 8192]} (45... Nc4 $11 {[%eval 13,
31]} 46. Qf6 Nxe3 47. gxh7+ Rxh7 48. Rxh7 Kxh7) 46. gxh7+ {[%emt 0:00:16]} Rxh7
{[%emt 0:00:17]} 47. Rxh7 {[%emt 0:00:02]} Kxh7 {[%emt 0:00:02]} 48. Ra7+ {
[%emt 0:00:11]} Kg6 {[%emt 0:01:20] [#]} 49. f5+ $1 {[%emt 0:01:42][%mdl 512]
White mates.} exf5 {[%emt 0:00:45]} 50. Qd6+ {[%emt 0:00:06]} Kxg5 {[%emt 0:00:
43]} 51. Rg7+ {[%emt 0:00:19] Accuracy: White = 33%, Black = 45%.} 1-0

[Event "89_| Campeonato Brasileiro 2023"]
[Site "Recife"]
[Date "2023.12.17"]
[Round "6.6"]
[White "Bouwman, Marcelo Wanderley"]
[Black "Santiago, Yago De Moura"]
[Result "0-1"]
[WhiteElo "2116"]
[BlackElo "2476"]
[PlyCount "76"]
[EventDate "2023.??.??"]
[EventCountry "BRA"]
[TimeControl "90+30"]
[WhiteClock "0:09:50"]
[BlackClock "0:16:16"]

{[%evp 9,76,33,37,30,44,46,42,37,33,8,2,16,8,3,0,-193,-107,-214,-200,-214,-215,
-192,-186,-207,-199,-186,-182,-160,71,-407,-421,-439,-434,-501,-501,-501,-501,
-501,-501,-501,-501,-501,-501,-476,-475,-476,-472,-536,-538,-539,-531,-539,
-511,-592,-569,-579,-578,-603,-595,-592,-589,-598,-591,-601,-585,-635,-631,
-607,-603]} 1. e4 {[%emt 0:00:00]} c6 {[%emt 0:00:00]} 2. d4 {[%emt 0:00:00]}
d5 {[%emt 0:00:00]} 3. e5 {[%emt 0:00:00]} c5 {[%emt 0:00:00]} 4. dxc5 {
[%emt 0:00:00]} e6 {[%emt 0:00:00]} 5. a3 {[%emt 0:00:00]} Bxc5 {[%emt 0:00:00]
} 6. Nf3 {[%emt 0:00:00] B12: Caro-Kann: Advance Variation.} Nd7 {[%emt 0:00:
00]} 7. c4 {[%emt 0:00:00]} Ne7 {[%emt 0:00:00]} 8. Nc3 {[%emt 0:00:00][%cal
Rc4d5] White is slightly better.} O-O {[%emt 0:00:00]} 9. cxd5 {[%emt 0:00:00]}
Nxd5 {[%emt 0:00:00]} 10. Nxd5 {[%emt 0:00:00]} exd5 {[%emt 0:00:00]} 11. b4 {
[%emt 0:00:00]} Be7 $146 {[%emt 0:00:00]} ({Predecessor:} 11... Bb6 12. Bg5 Qe8
13. Qxd5 Bc7 14. Bf4 Nf6 15. Qc4 Nh5 16. Rc1 Bb8 17. Bd3 Bg4 {1-0 (34) Shirov,
A (2647)-Plazuelo Pascual,J (2448) Linares 2020}) 12. Qxd5 $2 {[%eval -193,25]
[%emt 0:00:00]} (12. Be2 $11 {[%eval 0,35] and White is okay.}) 12... a5 {
[%eval -107,26] [%emt 0:00:00]} ({Better is} 12... Nxe5 $1 $19 {[%eval -193,25]
} 13. Qxd8 (13. Qxe5 $2 Bf6 $19) 13... Nxf3+ 14. gxf3 Rxd8) 13. Rb1 {[%eval
-214,26] [%emt 0:00:00]} (13. Be2 $17 {[%eval -107,26]}) 13... axb4 $19 {
[%emt 0:00:00]} 14. axb4 {[%emt 0:00:00] [#]} Nxe5 $1 {[%emt 0:00:00][%mdl 512]
} 15. Qxe5 {[%emt 0:00:00] [#] aiming for Be2.} Re8 $1 {[%emt 0:00:00]} 16. Be2
{[%emt 0:00:00] And now 0-0 would win.} Bxb4+ $1 {[%emt 0:00:00]} 17. Rxb4 {
[%emt 0:00:00]} Rxe5 {[%emt 0:00:00]} 18. Nxe5 {[%emt 0:00:00]} Qd6 $2 {
[%eval 71,30] [%emt 0:00:00]} (18... Qa5 $17 {[%eval -160,27] and life is
bright.} 19. Nd3 Bf5) 19. Re4 $2 {[%eval -407,26] [%emt 0:00:00][%mdl 8192]} (
19. Rb5 $16 {[%eval 71,30]}) 19... Bf5 {[%emt 0:00:00]} 20. Re3 {[%emt 0:00:00]
Strongly threatening 0-0.Black is clearly winning.} Qb4+ {[%emt 0:00:00]} 21.
Kd1 {[%emt 0:00:00]} ({Of course not} 21. Bd2 Ra1+ 22. Bd1 {[#]} Rxd1+ $1 {
[%mdl 512]} 23. Kxd1 Qb1+ 24. Ke2 Qxh1 $19) 21... Qa4+ {[%emt 0:00:00]} 22. Ke1
{[%emt 0:00:00]} Qc2 {[%emt 0:00:00]} 23. Nd3 {[%emt 0:00:00]} Bxd3 {[%emt 0:
00:00]} 24. Rxd3 {[%emt 0:00:00]} Qxc1+ {[%emt 0:00:00]} 25. Rd1 {[%emt 0:00:
00]} Qc3+ {[%emt 0:00:00]} 26. Kf1 {[%emt 0:00:00]} Ra1 {[%emt 0:00:00]} 27. g3
{[%emt 0:00:00]} Qc6 {[%emt 0:00:00][%cal Rc6h1]} 28. f3 {[%emt 0:00:00]} Rxd1+
{[%emt 0:00:00]} 29. Bxd1 {[%emt 0:00:00][%mdl 4096] Endgame KQ-KRB} Qd5 {
[%emt 0:01:14]} 30. Be2 {[%emt 0:00:00]} g6 {[%emt 0:00:16]} 31. Kf2 {[%emt 0:
00:00]} Qd4+ {[%emt 0:00:06]} 32. Kg2 {[%emt 0:00:00]} Qe3 {[%emt 0:00:13]} 33.
Re1 {[%emt 0:00:14] [#]} b5 $1 {[%emt 0:00:29][%cal Bb7b5,Bb5b4,Bb4b3][%mdl 32]
} 34. Kf1 {[%emt 0:00:52]} (34. Bxb5 Qxe1) 34... b4 {[%emt 0:00:06]} 35. Bd1 {
[%emt 0:02:00]} Qd2 {[%emt 0:00:07]} 36. h4 {[%emt 0:06:31]} h5 {[%emt 0:01:01]
} 37. Be2 {[%emt 0:00:36]} b3 {[%emt 0:00:25]} 38. Rd1 {[%emt 0:00:27]} Qe3 {
[%emt 0:00:17] Accuracy: White = 58%, Black = 82%.} 0-1